000 00465nam a2200193Ia 4500
005 20240823041119.0
008 240823s9999||||xx |||||||||||||| ||und||
020 _a978-81-8382-215-2
041 _aENGLISH
082 _A509.954 Q3
100 _aSneha Gupta
245 0 _aWorld s Great Scientists
250 _a1st
260 _c2013
_bLotus
_aNew Dehi -02
500 _aYES
650 _aWorld's Great Scientists
_bGeneral
942 _cBK
999 _c204720
_d204720